| 000 | 00885nam0a22002531 4500 | ||
|---|---|---|---|
| 001 | rc\763710 | ||
| 005 | 20250622123439.0 | ||
| 035 | _a(NLR Aleph) 006291121 | ||
| 090 |
_a7150890 _c7150890 |
||
| 100 | _a20040301d1985 |||y0rusy50 ca | ||
| 101 | 0 | _arus | |
| 102 | _aRU | ||
| 105 | _aa ||||||||| | ||
| 200 | 1 |
_aРадиотехнические вопросы исследования ионосферы _e(Сб. науч. тр.) _fАН СССР, Радиотехн. ин-т _g[Гл. ред. В.К. Слока] |
|
| 210 |
_aМ. _cРИАН _d1985 |
||
| 215 |
_a170 с. _cил. _d22 |
||
| 320 | _aБиблиогр. в конце ст. | ||
| 702 | 1 |
_aСлока _bВ.К. _gВиктор Карлович _4340 |
|
| 712 | 0 | 2 |
_aРадиотехнический ин-т _cМосква |
| 801 | 0 |
_aRU _bNLR _gpsbo |
|
| 801 | 1 |
_aRU _bELAR _2rusmarc |
|
| 852 |
_aNLR _j86-5/88 |
||
| 942 | _cBOOK | ||
| 980 | _aNB | ||